Open Data Biblioteca Nacional de Portugal


República Portuguesa: Ministério da Cultura
Biblioteca Nacional de Portugal

Catálogo da BNP: acesso por Identificadores Unívocos
Registos Bibliográficos associados ao registo de autoridade

Etiqueta de registo: 00000nam 2200025 450
001 1933598
003 http://id.bnportugal.gov.pt/bib/catbnp/1933598
010 ## $a978-989-99314-9-7
021 ## $aPT$b398651/15
100 ## $a20160606d2015 m y0pory01030103ba
101 1# $apor$cspa
102 ## $aPT
105 ## $ay z 000yy
106 ## $ar
200 1# $aIdentidade, patriotismo e enraizamento no século XXI$fErnesto Milá$gtrad. Rui Amiguinho
205 ## $a2ª ed
210 #9 $aLisboa$cContra-Corrente,$d2015
215 ## $a121 p.$d23 cm
225 2# $aContra-corrente
304 ## $aTít. orig.: Identidad, patriotismo y arraigo en el siglo XXI
675 ## $a304.4(042)$vBN$zpor$3920970
700 #1 $aMilá,$bErnesto,$f1952-$31556415
702 #1 $aAmiguinho,$bRui,$f1970-$4730$31550524
801 #0 $aPT$bBN$gRPC
856 41 $uhttp://rnod.bnportugal.gov.pt/ImagesBN/winlibimg.aspx?skey=&doc=1933598&img=77727&save=true
900 ## $aBIBNAC$d20160620
966 ## $lBN$mFGMON$sS.C. 143291 V.$x1

Etiqueta de registo: 00000nam 2200025 450
001 1858231
003 http://id.bnportugal.gov.pt/bib/catbnp/1858231
010 ## $a978-989-97773-8-5
021 ## $aPT$b364176/13
100 ## $a20131210d2013 m y0pory01030103ba
101 1# $apor$cspa
102 ## $aPT
105 ## $ay z 000yy
106 ## $ar
200 1# $aIdentidade, patriotismo e enraizamento no século XXI$fErnesto Milá$gtrad. Rui Amiguinho$grev. Paulo Rodrigues
210 #9 $aLisboa$cContra-Corrente,$d2013
215 ## $a102 p.$d23 cm
304 ## $aTít. orig.: Identidad, patrotismo y arraigo en el siglo XXI
675 ## $a304.4(042)$vBN$zpor$3920970
700 #1 $aMilá,$bErnesto,$f1952-$31556415
702 #1 $aAmiguinho,$bRui,$f1970-$4730$31550524
702 #1 $92$aRodrigues,$bPaulo$4675$3285477
801 #0 $aPT$bBN$gRPC
856 41 $uhttp://rnod.bnportugal.gov.pt/ImagesBN/winlibimg.aspx?skey=&doc=1858231&img=36582&save=true
900 ## $aBIBNAC$d20140123
966 ## $lBN$mFGMON$sS.C. 136422 V.$x1

Etiqueta de registo: 00254nam 2200025 450
001 2283973
003 http://id.bnportugal.gov.pt/bib/catbnp/2283973
010 ## $a9798319362599
021 ## $aPT$b547301/25
100 ## $a20260409d2025 m y0pory01030103ba
101 1# $apor
102 ## $aPT
105 ## $ay z 000yy
106 ## $ar
200 1# $a A grande substituição étnica$etentativa de explicar um problema real$fErnesto Milá$gtrad. João Martins
210 #9 $aLisboa$cContra-Corrente,$d2025
215 ## $a90 p.$d17 cm
225 2# $aContra Corrente
700 #1 $aMilá,$bErnesto,$f1952-$31556415
702 #1 $912$aMartins,$bJoão$4730$359741
801 #0 $aPT$bBN$gRPC
966 ## $lBN$mFGMON$x1
971 ## $cssilva$d20260409

Etiqueta de registo: 00254nam 2200025 450
001 2284225
003 http://id.bnportugal.gov.pt/bib/catbnp/2284225
010 ## $a9798301797835
021 ## $aPT$b540957/2
100 ## $a20260413d2024 m y0pory01030103ba
101 0# $apor
102 ## $aPT
105 ## $aa z 000yy
106 ## $ar
200 1# $aImigração$ecolonização da Europa, substituição populacional, remigração$fErnesto Milá... [et al.]
210 #9 $aLisboa$cContra-Corrente,$d2024
215 ## $a110 p.$cil.$d23 cm
225 2# $aLinha dura$etemas para o combate cultural da direita$v4
701 #1 $aMilá,$bErnesto,$f1952-$4070$31556415
801 #0 $aPT$bBN$gRPC
966 ## $lBN$mFGREV$sP.P. 34300 V.$x1
971 ## $cssilva$d20260413

OpendataBNP@bnportugal.pt | Mais informação sobre acesso aos dados BNP